000 00301nam a2200109Ia 4500
008 231219s9999 xx 000 0 und d
041 _aeng
100 _aLeo Gough
245 _aThe Essential Management & Finance Source Book
260 _bPitman Pubs House ,England / Hongkong
650 _aManagement
999 _c978784
_d978784